[Event "Rated Blitz tournament G2zNQUkg"]
[Site "?"]
[Date "2021.01.25"]
[Round "?"]
[White "ibad_KBPL"]
[Black "YSA_kbpl"]
[Result "1/2-1/2"]
[WhiteElo "2205"]
[BlackElo "2402"]
[PlyCount "197"]
[EventDate "2021.??.??"]
[EventType "blitz"]
[TimeControl "300"]

1. e4 e5 2. Nc3 Nf6 3. Nf3 Nc6 4. Nxe5 Nxe5 5. d4 Bb4 6. dxe5 Nxe4 7. Qd4 Bxc3+
8. bxc3 d5 9. exd6 Nxd6 10. Bd3 Qe7+ 11. Be3 O-O 12. O-O Nf5 13. Bxf5 Bxf5 14.
Rfe1 Bxc2 15. Qd2 Bg6 16. Bg5 Qd6 17. Qxd6 cxd6 18. Be7 Rfc8 19. Re3 Rc6 20.
Rd1 Ra6 21. Rd2 h6 22. h4 Rc8 23. Bxd6 Rd8 24. Bf4 Rxd2 25. Re8+ Kh7 26. Bxd2
Rxa2 27. Be3 a5 28. g4 a4 29. h5 Bd3 30. Re7 Ra1+ 31. Kh2 f6 32. Rxb7 a3 33.
Bd4 Be4 34. Ra7 a2 35. c4 Rh1+ 36. Kg3 Rb1 37. Bxf6 Rb7 38. Rxb7 Bxb7 39. Ba1
g6 40. Kf4 gxh5 41. gxh5 Bc6 42. c5 Be8 43. Ke5 Bxh5 44. c6 Bg4 45. f4 Kg6 46.
Kd6 h5 47. Ke5 h4 48. Ke4 h3 49. f5+ Bxf5+ 50. Kf3 h2 51. Kg2 Be4+ 52. Kxh2
Bxc6 53. Kg3 Kf5 54. Kf2 Ke4 55. Ke2 Kd5 56. Kd2 Kc4 57. Kc2 Bd5 58. Kb2 Kb4
59. Kc1 Ka4 60. Bd4 Bb3 61. Kb2 Kb4 62. Ka1 Kc4 63. Bf6 Kb4 64. Be7+ Ka4 65.
Kb2 Bc4 66. Ka1 Bd5 67. Bf6 Be6 68. Kb2 Bd5 69. Bc3 Be6 70. Kc1 Bd5 71. Kd2 Be6
72. Ba1 Kb3 73. Kd3 Bd5 74. Kd4 Bf7 75. Kd3 Ka4 76. Kc3 Ka3 77. Bb2+ Ka4 78.
Ba1 Be6 79. Kd4 Bf7 80. Ke5 Be6 81. Kd6 Kb3 82. Kxe6 Kc2 83. Kd5 Kb1 84. Be5
a1=Q 85. Bf4 Ka2 86. Ke4 Kb1 87. Kf3 Qa2 88. Be3 Qc2 89. Bf4 Qb3+ 90. Kg4 Kc2
91. Bg3 Qd3 92. Bf4 Kb3 93. Kg5 Kc4 94. Kg4 Kd5 95. Kg5 Qe4 96. Kg4 Ke6 97. Kg3
Qf5 98. Kf3 Qe4+ 99. Kxe4 {Normal} 1/2-1/2

[Event "Rated Blitz game"]
[Site "?"]
[Date "2021.01.25"]
[Round "?"]
[White "dbestsmiles"]
[Black "quetepasa"]
[Result "0-1"]
[WhiteElo "2414"]
[BlackElo "2506"]
[PlyCount "88"]
[EventDate "2021.??.??"]
[EventType "blitz"]
[TimeControl "180"]

1. e4 e5 2. Nf3 Nc6 3. Nc3 Nf6 4. Nxe5 Nxe5 5. d4 Nc6 6. d5 Bb4 7. dxc6 Nxe4 8.
Qg4 Nxc3 9. Qxg7 Qe7+ 10. Be3 Nd5+ 11. c3 Rf8 12. O-O-O Nxe3 13. fxe3 Bd6 14.
cxb7 Bxb7 15. Bc4 O-O-O 16. Rhf1 f5 17. Qxe7 Bxe7 18. Bd5 Bd6 19. Bxb7+ Kxb7
20. g3 Rde8 21. Rd5 Rxe3 22. Rb5+ Kc6 23. Rbxf5 Rxf5 24. Rxf5 h6 25. Rh5 Re6
26. Kd2 Be7 27. Kd3 Bg5 28. h4 Bc1 29. b4 d5 30. a4 Kd6 31. a5 Re3+ 32. Kc2 Re1
33. g4 Rh1 34. Kd3 a6 35. c4 Rh3+ 36. Kc2 Ba3 37. Rxd5+ Kc6 38. Rh5 Bxb4 39.
Rxh6+ Kc5 40. Rb6 cxb6 41. axb6 Kxb6 42. g5 Rxh4 43. g6 Rg4 44. g7 Kc5 {Normal}
0-1

[Event "Rated Blitz tournament dQhOUPho"]
[Site "?"]
[Date "2021.01.25"]
[Round "?"]
[White "Starinov"]
[Black "AMR25"]
[Result "1/2-1/2"]
[WhiteElo "2441"]
[BlackElo "2425"]
[PlyCount "148"]
[EventDate "2021.??.??"]
[EventType "blitz"]
[TimeControl "180"]

1. e4 e5 2. Nf3 Nc6 3. Nc3 Nf6 4. Nxe5 Nxe5 5. d4 Nc6 6. d5 Be7 7. dxc6 dxc6 8.
Bd3 O-O 9. Bf4 Bd6 10. Bg3 Re8 11. O-O Bxg3 12. hxg3 Ng4 13. Be2 Qg5 14. Bxg4
Bxg4 15. Qc1 Qh5 16. Qf4 Rac8 17. Rfe1 Be6 18. f3 Qc5+ 19. Qe3 Qxe3+ 20. Rxe3
Red8 21. Rd3 Rxd3 22. cxd3 Rd8 23. Rd1 c5 24. Kf2 b6 25. a3 a6 26. Ke3 Bb3 27.
Rd2 Rd4 28. Ne2 Rd8 29. Nc1 Be6 30. f4 f5 31. Ne2 Kf7 32. Ng1 h6 33. Nf3 Kf6
34. Ne5 Rd6 35. Rc2 a5 36. Rc1 g5 37. Rh1 Kg7 38. Nf3 fxe4 39. dxe4 Bc4 40.
fxg5 Rd3+ 41. Kf4 hxg5+ 42. Kxg5 Rb3 43. Rd1 Rxb2 44. Rd7+ Kf8 45. Kf6 Ke8 46.
Rxc7 Rxg2 47. Ne5 Rf2+ 48. Kg6 Bb3 49. g4 c4 50. Nxc4 Rc2 51. Nd6+ Kd8 52. Rxc2
Bxc2 53. Kf5 Kd7 54. Nb5 Ba4 55. Nc3 Bb3 56. g5 Ke7 57. e5 Bc4 58. g6 b5 59.
Ne4 b4 60. axb4 axb4 61. Nd2 Bd5 62. Kf4 b3 63. Ke3 b2 64. Kd3 Ke6 65. Kd4 Ba2
66. g7 Kf7 67. Kc3 b1=Q 68. Nxb1 Bxb1 69. Kd4 Kxg7 70. Kd5 Kf8 71. Kd6 Ke8 72.
e6 Bf5 73. e7 Bd7 74. Ke5 Kxe7 {Normal} 1/2-1/2

[Event "Rated Blitz game"]
[Site "?"]
[Date "2021.01.25"]
[Round "?"]
[White "dbestsmiles"]
[Black "Citruzzini"]
[Result "1/2-1/2"]
[WhiteElo "2415"]
[BlackElo "2445"]
[PlyCount "31"]
[EventDate "2021.??.??"]
[EventType "blitz"]
[TimeControl "180"]

1. e4 e5 2. Nf3 Nc6 3. Nc3 Nf6 4. Nxe5 Nxe5 5. d4 Ng6 6. e5 Ng8 7. h4 Nxh4 8.
Bc4 Ng6 9. Qf3 d5 10. Bxd5 Be6 11. Bxb7 Rb8 12. Bc6+ Bd7 13. Bd5 Be6 14. Bc6+
Bd7 15. Bd5 Be6 16. Bc6+ {Normal} 1/2-1/2

[Event "Rated Blitz game"]
[Site "?"]
[Date "2021.01.25"]
[Round "?"]
[White "dbestsmiles"]
[Black "noel1975"]
[Result "0-1"]
[WhiteElo "2420"]
[BlackElo "2402"]
[PlyCount "26"]
[EventDate "2021.??.??"]
[EventType "blitz"]
[TimeControl "180"]

1. e4 e5 2. Nf3 Nc6 3. Nc3 Nf6 4. Nxe5 Nxe5 5. d4 Ng6 6. e5 Bb4 7. h4 Ne4 8.
Qf3 d5 9. exd6 O-O 10. h5 Nh4 11. Qd3 Bf5 12. g4 Bxg4 13. Bd2 Nf3+ {Normal} 0-1

[Event "Rated Blitz tournament 6T78rEEq"]
[Site "?"]
[Date "2021.01.24"]
[Round "?"]
[White "Starinov"]
[Black "Souren"]
[Result "1-0"]
[WhiteElo "2468"]
[BlackElo "2511"]
[PlyCount "163"]
[EventDate "2021.??.??"]
[EventType "blitz"]
[TimeControl "180"]

1. e4 e5 2. Nf3 Nc6 3. Nc3 Nf6 4. Nxe5 Nxe5 5. d4 Ng6 6. e5 Bb4 7. exf6 Qxf6 8.
g3 O-O 9. Bg2 Re8+ 10. Be3 c6 11. O-O d5 12. a3 Bd6 13. Qd2 h6 14. Ne2 Bf5 15.
Rae1 Re7 16. Nc1 Rae8 17. Nd3 b6 18. c3 a5 19. f3 Re6 20. Bf2 Rxe1 21. Rxe1
Rxe1+ 22. Bxe1 h5 23. Bf2 h4 24. Qe2 Kh7 25. Be1 hxg3 26. hxg3 Qg5 27. f4 Qe7
28. Qxe7 Nxe7 29. Nf2 f6 30. Bd2 Bc2 31. Bf3 Nf5 32. Kg2 Bc7 33. Be2 Nd6 34.
Bd3+ Bxd3 35. Nxd3 Ne4 36. Be1 f5 37. Kf3 Kg6 38. g4 fxg4+ 39. Kxg4 Kf6 40.
Bh4+ Kf7 41. f5 Bd6 42. a4 b5 43. axb5 cxb5 44. Bd8 a4 45. Ba5 a3 46. bxa3 Bxa3
47. Kf4 Bb2 48. Ke5 Bxc3 49. Bb6 Nf6 50. Bd8 b4 51. Nc5 Bb2 52. Bxf6 gxf6+ 53.
Kxd5 Bc3 54. Kc4 Kg7 55. Ne4 Be1 56. d5 Kf7 57. Nc5 Ke7 58. Ne4 Kd7 59. Nxf6+
Kd6 60. Ne4+ Ke5 61. f6 Bh4 62. f7 Be7 63. d6 Bf8 64. d7 Kxe4 65. d8=Q Bg7 66.
f8=Q Bxf8 67. Qxf8 b3 68. Kxb3 Kd5 69. Qb4 Ke5 70. Qc4 Kf5 71. Qd4 Kg5 72. Qe4
Kf6 73. Qd5 Kg6 74. Qe5 Kf7 75. Qd6 Kg7 76. Kc4 Kf7 77. Kd5 Kg7 78. Ke5 Kf7 79.
Kf5 Kg7 80. Qe7+ Kg8 81. Kg6 Kh8 82. Qg7# {Normal} 1-0

[Event "Rated Blitz game"]
[Site "?"]
[Date "2021.01.24"]
[Round "?"]
[White "highway_star"]
[Black "Quillotamaster"]
[Result "1/2-1/2"]
[WhiteElo "2332"]
[BlackElo "2426"]
[PlyCount "109"]
[EventDate "2021.??.??"]
[EventType "blitz"]
[TimeControl "180"]

1. e4 e5 2. Nf3 Nc6 3. Nc3 Nf6 4. Nxe5 Nxe5 5. d4 Ng6 6. e5 Ng8 7. Bc4 d5 8.
Bxd5 c6 9. Be4 Bb4 10. f4 Qh4+ 11. g3 Qh3 12. Qd3 Bg4 13. Be3 O-O-O 14. a3 Ba5
15. b4 Bb6 16. b5 N8e7 17. a4 Ba5 18. Kf2 Bf5 19. bxc6 Kc7 20. cxb7 Bxc3 21.
Qxc3+ Kb8 22. Bg2 Qh5 23. Qb3 Nh4 24. gxh4 Qxh4+ 25. Kf1 Bh3 26. Bf2 Bxg2+ 27.
Kxg2 Qxf4 28. Qg3 Qe4+ 29. Qf3 Qxc2 30. Rhc1 Qg6+ 31. Qg3 Nd5 32. e6+ Qxg3+ 33.
Bxg3+ Kxb7 34. Rab1+ Ka8 35. exf7 Rhf8 36. Be5 Rxf7 37. Rc5 g5 38. Rxd5 Rc8 39.
Rdb5 Rff8 40. a5 a6 41. Rb6 Ka7 42. Rb7+ Ka8 43. Rxh7 g4 44. Rbb7 Rc2+ 45. Kg3
Rf3+ 46. Kxg4 Rg2+ 47. Kxf3 Rf2+ 48. Ke4 Rf4+ 49. Kd5 Rxd4+ 50. Kc6 Rd6+ 51.
Kc7 Rc6+ 52. Kd8 Rc8+ 53. Kd7 Rd8+ 54. Kc6 Rd6+ 55. Kxd6 {Normal} 1/2-1/2

[Event "Rated Blitz tournament 8wYoQsSF"]
[Site "?"]
[Date "2021.01.24"]
[Round "?"]
[White "Starinov"]
[Black "MasterOffPuppets"]
[Result "1-0"]
[WhiteElo "2449"]
[BlackElo "2468"]
[PlyCount "53"]
[EventDate "2021.??.??"]
[EventType "blitz"]
[TimeControl "180"]

1. e4 e5 2. Nf3 Nc6 3. Nc3 Nf6 4. Nxe5 Nxe5 5. d4 Ng6 6. e5 Bb4 7. exf6 Bxc3+
8. bxc3 Qxf6 9. g3 O-O 10. Bg2 Re8+ 11. Be3 d5 12. O-O c6 13. a4 Bf5 14. Qd2
Re7 15. a5 h6 16. Rfe1 Rae8 17. f3 Bxc2 18. Bf2 Bf5 19. Rxe7 Rxe7 20. Bf1 Bc8
21. Kg2 h5 22. h4 Qf5 23. Re1 Rxe1 24. Qxe1 Kf8 25. Qe3 Qe6 26. Qg5 Qf5 27.
Qd8# {Normal} 1-0

[Event "Rated Blitz game"]
[Site "?"]
[Date "2021.01.23"]
[Round "?"]
[White "brunosten"]
[Black "artsportscience"]
[Result "1-0"]
[WhiteElo "2451"]
[BlackElo "2330"]
[PlyCount "49"]
[EventDate "2021.??.??"]
[EventType "blitz"]
[TimeControl "180"]

1. e4 e5 2. Nc3 Nf6 3. Nf3 Nc6 4. Nxe5 Nxe5 5. d4 Nc6 6. d5 Ne5 7. f4 Ng6 8. e5
Ng8 9. Bc4 Bc5 10. Ne4 Bb6 11. d6 Nh6 12. dxc7 Qxc7 13. Nd6+ Kf8 14. Bd2 a5 15.
Qe2 Bc5 16. O-O-O Bxd6 17. exd6 Qxd6 18. f5 Nxf5 19. Bg5 Nd4 20. Qf2 f6 21.
Rxd4 Qe5 22. h4 d5 23. Rxd5 Qe4 24. Qc5+ Ne7 25. Rd8# {Normal} 1-0

[Event "Rated Blitz game"]
[Site "?"]
[Date "2021.01.23"]
[Round "?"]
[White "Smetanov_N"]
[Black "Outrunner"]
[Result "0-1"]
[WhiteElo "2330"]
[BlackElo "2492"]
[PlyCount "54"]
[EventDate "2021.??.??"]
[EventType "blitz"]
[TimeControl "180+2"]

1. e4 e5 2. Nf3 Nc6 3. Nc3 Nf6 4. Nxe5 Nxe5 5. d4 Ng6 6. e5 Bb4 7. exf6 Qxf6 8.
Qe2+ Ne7 9. Bd2 O-O 10. O-O-O d5 11. Nb5 Bxd2+ 12. Qxd2 c6 13. Nc3 a5 14. Bd3
Bf5 15. Qf4 Qg6 16. g3 Bxd3 17. Rxd3 Nf5 18. h4 Rfe8 19. g4 Nd6 20. h5 Qf6 21.
Qxf6 gxf6 22. b3 Kg7 23. Kd2 Kh6 24. f3 f5 25. Ne2 fxg4 26. Ng3 f5 27. fxg4
fxg4 {Time forfeit} 0-1

[Event "Rated Blitz game"]
[Site "?"]
[Date "2021.01.23"]
[Round "?"]
[White "forbiddencheapos"]
[Black "purepecha1"]
[Result "0-1"]
[WhiteElo "2345"]
[BlackElo "2414"]
[PlyCount "84"]
[EventDate "2021.??.??"]
[EventType "blitz"]
[TimeControl "300"]

1. e4 e5 2. Nf3 Nc6 3. Nc3 Nf6 4. Nxe5 Nxe5 5. d4 Ng6 6. e5 Ng8 7. Bc4 c6 8.
Qf3 d5 9. exd6 Qf6 10. Qe2+ Kd8 11. Ne4 Qxd4 12. Ng5 Nh6 13. Bxf7 Bxd6 14. Be3
Qxb2 15. Rd1 Kc7 16. Bxg6 hxg6 17. Rxd6 Kxd6 18. Bf4+ Kc5 19. Ne4+ Kb6 20. Be3+
Kc7 21. Bf4+ Kb6 22. Qe3+ Ka6 23. Qd3+ b5 24. Nc5+ Kb6 25. O-O Bf5 26. Qe3 Ng4
27. Na4+ Ka5 28. Nxb2 Nxe3 29. Bxe3 Kb4 30. Nd3+ Bxd3 31. cxd3 Rhd8 32. Rb1+
Ka4 33. Rb3 b4 34. Bc5 a5 35. Kf1 Rd5 36. d4 Re8 37. Rg3 Re6 38. h4 Kb5 39. Rf3
a4 40. Rf7 Rxc5 41. dxc5 b3 42. axb3 axb3 {Time forfeit} 0-1

[Event "Rated Rapid game"]
[Site "?"]
[Date "2021.01.23"]
[Round "?"]
[White "mikripetalouda"]
[Black "spirli"]
[Result "1-0"]
[WhiteElo "2405"]
[BlackElo "2315"]
[PlyCount "91"]
[EventDate "2021.??.??"]
[EventType "rapid"]
[TimeControl "420+3"]

1. e4 e5 2. Nc3 Nf6 3. Nf3 Nc6 4. Nxe5 Nxe5 5. d4 Ng6 6. e5 Ng8 7. Bc4 Bb4 8.
Qf3 Qe7 9. h4 Nxh4 10. Rxh4 Qxh4 11. Qxf7+ Kd8 12. Qxg7 Qh1+ 13. Ke2 Qh5+ 14.
g4 Qg6 15. Bg5+ Ke8 16. Qxh8 d5 17. Bxd5 Bxg4+ 18. f3 Qxg5 19. Qxg8+ Qxg8 20.
Bxg8 Bxc3 21. bxc3 Bf5 22. Bd5 c6 23. Be4 Bxe4 24. fxe4 Kf7 25. Rf1+ Kg7 26. d5
Re8 27. d6 Rd8 28. c4 c5 29. a4 h5 30. Ke3 h4 31. Rf4 h3 32. Rf1 h2 33. Rh1 Kf7
34. Rxh2 Ke6 35. Rh5 Rg8 36. Kf4 Rg1 37. Rh6+ Kd7 38. Rh7+ Kc6 39. Rc7+ Kb6 40.
e6 Rd1 41. Ke5 a5 42. e7 Rxd6 43. Rxb7+ Ka6 44. Ra7+ Kb6 45. Ra6+ Kxa6 46. Kxd6
{Normal} 1-0

[Event "Rated Blitz game"]
[Site "?"]
[Date "2021.01.23"]
[Round "?"]
[White "highway_star"]
[Black "Babnik"]
[Result "0-1"]
[WhiteElo "2382"]
[BlackElo "2422"]
[PlyCount "60"]
[EventDate "2021.??.??"]
[EventType "blitz"]
[TimeControl "180"]

1. e4 e5 2. Nf3 Nc6 3. Nc3 Nf6 4. Nxe5 Nxe5 5. d4 Ng6 6. e5 Bb4 7. exf6 Qxf6 8.
Be2 d5 9. O-O c6 10. Be3 O-O 11. Qd2 h6 12. a3 Bd6 13. Rae1 Qh4 14. g3 Qh3 15.
Bf3 Bf5 16. Bg2 Qh5 17. Qe2 Bg4 18. f3 Bd7 19. Qd2 Rfe8 20. Ne2 f5 21. Bf4 Nxf4
22. Nxf4 Qf7 23. Nd3 g5 24. f4 g4 25. Ne5 Qg7 26. c4 dxc4 27. Nxc4 Bc7 28. Ne5
Be6 29. d5 Rad8 30. Qd4 Bb6 {Normal} 0-1

[Event "Rated Blitz game"]
[Site "?"]
[Date "2021.01.22"]
[Round "?"]
[White "GoughPhar"]
[Black "JekkuNaama"]
[Result "0-1"]
[WhiteElo "2343"]
[BlackElo "2430"]
[PlyCount "46"]
[EventDate "2021.??.??"]
[EventType "blitz"]
[TimeControl "180"]

1. e4 e5 2. Nf3 Nc6 3. Nc3 Nf6 4. Nxe5 Nxe5 5. d4 Ng6 6. e5 Ng8 7. Bc4 d5 8.
Bxd5 c6 9. Bb3 Be6 10. Bxe6 fxe6 11. O-O N8e7 12. Ne4 Nf5 13. Ng5 Qd7 14. c3
Be7 15. Ne4 O-O 16. Qb3 Qd5 17. Qc2 Rad8 18. g3 c5 19. Be3 cxd4 20. cxd4 Nxd4
21. Bxd4 Qxd4 22. Rfd1 Qb6 23. Kg2 Nxe5 {Normal} 0-1

[Event "Rated Blitz tournament OUwNbVWo"]
[Site "?"]
[Date "2021.01.22"]
[Round "?"]
[White "Starinov"]
[Black "jjboupart"]
[Result "1-0"]
[WhiteElo "2448"]
[BlackElo "2201"]
[PlyCount "35"]
[EventDate "2021.??.??"]
[EventType "blitz"]
[TimeControl "180"]

1. e4 e5 2. Nf3 Nc6 3. Nc3 Nf6 4. Nxe5 Bb4 5. Nxc6 dxc6 6. d3 O-O 7. Be2 h6 8.
O-O Qe7 9. Bf4 Be6 10. Bf3 Rad8 11. Qc1 Bg4 12. Bxg4 Nxg4 13. h3 Nf6 14. Ne2
Nh5 15. Ng3 Qh4 16. Bxc7 Bd6 17. Bxd6 Rxd6 18. Nf5 {Normal} 1-0

[Event "Rated Blitz game"]
[Site "?"]
[Date "2021.01.22"]
[Round "?"]
[White "highway_star"]
[Black "stanleycool"]
[Result "0-1"]
[WhiteElo "2409"]
[BlackElo "2269"]
[PlyCount "42"]
[EventDate "2021.??.??"]
[EventType "blitz"]
[TimeControl "180"]

1. e4 e5 2. Nf3 Nf6 3. Nc3 Nc6 4. Nxe5 Nxe5 5. d4 Ng6 6. e5 Ng8 7. Bc4 d5 8.
Bxd5 N8e7 9. Bg5 h6 10. Qf3 hxg5 11. Qxf7+ Kd7 12. Qe6+ Ke8 13. Qf7+ Kd7 14.
Ne4 c6 15. Be6+ Kc7 16. O-O-O Bxe6 17. Qxe6 Qd5 18. Qg4 Rh4 19. Qxg5 Rxe4 20.
f4 Rxf4 21. e6 Rxd4 {Normal} 0-1

[Event "Rated Blitz game"]
[Site "?"]
[Date "2021.01.22"]
[Round "?"]
[White "highway_star"]
[Black "stanleycool"]
[Result "1-0"]
[WhiteElo "2406"]
[BlackElo "2272"]
[PlyCount "75"]
[EventDate "2021.??.??"]
[EventType "blitz"]
[TimeControl "180"]

1. e4 e5 2. Nf3 Nc6 3. Nc3 Nf6 4. Nxe5 Nxe5 5. d4 Ng6 6. e5 Ng8 7. Bc4 d6 8.
Qf3 f6 9. O-O dxe5 10. Re1 Bd6 11. Ne4 N8e7 12. Nxf6+ gxf6 13. Qxf6 Rf8 14. Qg7
exd4 15. Bg5 Bf5 16. Re2 Qd7 17. Rae1 O-O-O 18. Qxh7 Ne5 19. Rxe5 Bxe5 20. Rxe5
Bxh7 21. Rxe7 Rde8 22. Rxd7 Re1+ 23. Bf1 Kxd7 24. g3 Bxc2 25. Kg2 Be4+ 26. Kh3
Bd3 27. Bxd3 Rd1 28. Be2 Re1 29. Bg4+ Kd6 30. f3 Rh8+ 31. Kg2 Re2+ 32. Kf1 Rxb2
33. h4 Kc5 34. Be7+ Kc4 35. Bf6 Kd3 36. Bf5+ Kc3 37. Bxh8 Rxa2 38. h5 {Normal}
1-0

[Event "Rated Blitz game"]
[Site "?"]
[Date "2021.01.22"]
[Round "?"]
[White "Henry940622"]
[Black "MasterOffPuppets"]
[Result "0-1"]
[WhiteElo "2323"]
[BlackElo "2472"]
[PlyCount "46"]
[EventDate "2021.??.??"]
[EventType "blitz"]
[TimeControl "180"]

1. e4 e5 2. Nf3 Nc6 3. Nc3 Nf6 4. Nxe5 Nxe5 5. d4 Nc6 6. d5 Ne5 7. f4 Bd6 8.
fxe5 Bxe5 9. Be3 Qe7 10. Bd4 c5 11. Bxe5 Qxe5 12. Bd3 d6 13. O-O Ng4 14. g3 Ne3
15. Qf3 Nxf1 16. Rxf1 O-O 17. Nb5 a6 18. Na3 b5 19. c3 Bd7 20. Nc2 Rae8 21. Ne3
f5 22. Nxf5 g6 23. Qg4 Kh8 {Normal} 0-1

[Event "Rated Blitz tournament RBHFAtY8"]
[Site "?"]
[Date "2021.01.22"]
[Round "?"]
[White "Starinov"]
[Black "Parwis"]
[Result "1/2-1/2"]
[WhiteElo "2438"]
[BlackElo "2509"]
[PlyCount "157"]
[EventDate "2021.??.??"]
[EventType "blitz"]
[TimeControl "180"]

1. e4 e5 2. Nf3 Nf6 3. Nc3 Nc6 4. Nxe5 Nxe5 5. d4 Ng6 6. e5 Ng8 7. Bc4 d5 8.
Bxd5 Bb4 9. Qf3 Qd7 10. Bxb7 Bxb7 11. Qxb7 Bxc3+ 12. bxc3 Rd8 13. O-O N8e7 14.
Qxa7 O-O 15. Qc5 Qd5 16. Qxd5 Nxd5 17. Bd2 Nb6 18. Rfd1 Nc4 19. Be1 c6 20. g3
Ra8 21. f4 Ne7 22. Kf2 Nd5 23. Kf3 f5 24. exf6 Nxf6 25. a4 Rfe8 26. Bf2 Nd5 27.
g4 Nxc3 28. Rd3 Rxa4 29. Rxa4 Nxa4 30. d5 cxd5 31. Rxd5 Nc3 32. Rd7 Ne4 33. Bd4
Nf6 34. Rc7 Nd2+ 35. Kg3 Nde4+ 36. Kh4 Nd6 37. c4 Re4 38. Be5 Nxc4 39. Rc8+ Kf7
40. Rc7+ Ke6 41. Rxg7 Nxe5 42. fxe5 Rxe5 43. Kg3 Re3+ 44. Kf2 Ra3 45. h4 h6 46.
Rg6 Kf7 47. h5 Ra4 48. Kg3 Ra3+ 49. Kh4 Ra4 50. Kh3 Rxg4 51. Rxg4 Nxg4 52. Kxg4
Kf6 53. Kf4 Ke6 54. Ke4 Kf6 55. Kf4 Ke6 56. Kg4 Kf6 57. Kh4 Ke5 58. Kg4 Ke4 59.
Kg3 Kf5 60. Kh4 Kf4 61. Kh3 Kg5 62. Kg3 Kxh5 63. Kh3 Kg5 64. Kg3 h5 65. Kh3 Kg6
66. Kh2 Kh6 67. Kh1 Kg5 68. Kh2 h4 69. Kg2 Kh5 70. Kh3 Kg5 71. Kh2 Kg4 72. Kg2
Kf4 73. Kh2 Kg5 74. Kh3 Kh5 75. Kh2 Kg4 76. Kg2 Kg5 77. Kh2 Kh5 78. Kh1 Kg5 79.
Kh2 {Normal} 1/2-1/2

[Event "Rated Blitz game"]
[Site "?"]
[Date "2021.01.22"]
[Round "?"]
[White "Svato"]
[Black "Jup78"]
[Result "0-1"]
[WhiteElo "2444"]
[BlackElo "2399"]
[PlyCount "56"]
[EventDate "2021.??.??"]
[EventType "blitz"]
[TimeControl "180"]

1. e4 e5 2. Nf3 Nc6 3. Nc3 Nf6 4. Nxe5 Nxe5 5. d4 Nc6 6. d5 Ne5 7. f4 Ng6 8. e5
Be7 9. d6 cxd6 10. exf6 Bxf6 11. Nd5 O-O 12. Be2 b6 13. Bf3 Ba6 14. Nxf6+ Qxf6
15. Bxa8 Rxa8 16. Kf2 Qh4+ 17. g3 Qh3 18. Qf3 Rb8 19. Qg2 Qf5 20. Re1 Bb7 21.
Qf1 Qxc2+ 22. Kg1 Qc6 23. Kf2 Qf3+ 24. Kg1 Qh1+ 25. Kf2 Qxh2+ 26. Ke3 Qxg3+ 27.
Kd2 Nxf4 28. Re4 Bxe4 {Normal} 0-1

[Event "Rated Blitz game"]
[Site "?"]
[Date "2021.01.21"]
[Round "?"]
[White "Ricardo_Airado"]
[Black "Perfection_Ratee"]
[Result "1-0"]
[WhiteElo "2256"]
[BlackElo "2405"]
[PlyCount "49"]
[EventDate "2021.??.??"]
[EventType "blitz"]
[TimeControl "180"]

1. e4 e5 2. Nf3 Nf6 3. Nc3 Nc6 4. Nxe5 Nxe5 5. d4 Ng6 6. e5 Ng8 7. Bc4 Bb4 8.
Qf3 Qe7 9. O-O Bxc3 10. bxc3 Rb8 11. a4 d6 12. Re1 Be6 13. exd6 cxd6 14. d5 Nf6
15. dxe6 Ne5 16. Rxe5 dxe5 17. Ba3 Qc7 18. Bb5+ Kd8 19. Rd1+ Kc8 20. Bd7+ Nxd7
21. exd7+ Kd8 22. Qxf7 Qxc3 23. Qe7+ Kc7 24. d8=Q+ Kc6 25. Rd6# {Normal} 1-0

[Event "Rated Blitz game"]
[Site "?"]
[Date "2021.01.21"]
[Round "?"]
[White "Henry940622"]
[Black "macp1988"]
[Result "0-1"]
[WhiteElo "2351"]
[BlackElo "2463"]
[PlyCount "134"]
[EventDate "2021.??.??"]
[EventType "blitz"]
[TimeControl "180"]

1. e4 e5 2. Nf3 Nc6 3. Nc3 Nf6 4. Nxe5 Nxe5 5. d4 Nc6 6. d5 Bb4 7. dxc6 bxc6 8.
Bd3 O-O 9. O-O d5 10. exd5 cxd5 11. Bg5 c6 12. Qf3 Bd6 13. Bxf6 Qxf6 14. Qxf6
gxf6 15. Rad1 Be5 16. Na4 Rb8 17. b3 Re8 18. Rfe1 Bg4 19. f3 Be6 20. g3 c5 21.
f4 Bd4+ 22. Kg2 Bd7 23. c3 Be3 24. Nb2 Bg4 25. Be2 Bf5 26. Bf3 d4 27. Nc4 Bc2
28. Ra1 Rbd8 29. Bc6 Re7 30. Kf3 Rc8 31. Bd5 Rd8 32. Bc6 Rc7 33. Nxe3 dxe3 34.
Be4 Bxe4+ 35. Kxe4 Re7+ 36. Kf3 Rd3 37. Re2 Rxc3 38. Rae1 Kf8 39. Rxe3 Rexe3+
40. Rxe3 Rc2 41. Re2 Rc1 42. Ke4 Kg7 43. Kd3 Rd1+ 44. Kc4 Rd7 45. Kxc5 Rd1 46.
Kb5 Rd5+ 47. Ka6 Rd7 48. Re4 f5 49. Rb4 Kf6 50. Rb7 Rd2 51. Rxa7 Rxa2+ 52. Kb5
Rxh2 53. Rxf7+ Kxf7 54. Kc5 Rg2 55. b4 Rxg3 56. b5 Rb3 57. b6 h5 58. Kc6 h4 59.
Kc7 h3 60. b7 h2 61. b8=Q Rxb8 62. Kxb8 h1=Q 63. Kc7 Qe4 64. Kd6 Qxf4+ 65. Kc5
Qe4 66. Kb5 f4 67. Kc5 f3 {Time forfeit} 0-1

[Event "Rated Blitz game"]
[Site "?"]
[Date "2021.01.21"]
[Round "?"]
[White "GoughPhar"]
[Black "ferdinand122"]
[Result "0-1"]
[WhiteElo "2343"]
[BlackElo "2403"]
[PlyCount "146"]
[EventDate "2021.??.??"]
[EventType "blitz"]
[TimeControl "180"]

1. e4 e5 2. Nf3 Nf6 3. Nc3 Nc6 4. Nxe5 Nxe5 5. d4 Ng6 6. e5 Ng8 7. Bc4 d6 8.
Qf3 Be6 9. Qxb7 dxe5 10. Bb5+ Bd7 11. Bxd7+ Kxd7 12. Be3 Bd6 13. O-O-O Nf6 14.
Nb5 Rb8 15. Qa6 Ke7 16. dxe5 Nxe5 17. Bf4 Rb6 18. Qa4 Qb8 19. Nxd6 cxd6 20.
Bxe5 dxe5 21. Rhe1 Rd8 22. Qa3+ Ke8 23. Rxd8+ Qxd8 24. Rxe5+ Re6 25. Qa4+ Qd7
26. Rxe6+ fxe6 27. Qb4 Nd5 28. Qb8+ Kf7 29. Qg3 Qc7 30. Qf3+ Qf4+ 31. Qxf4+
Nxf4 32. g3 Nh3 33. f4 Kf6 34. c4 e5 35. fxe5+ Kxe5 36. b4 Kd4 37. c5 Ng5 38.
Kc2 Kc4 39. a3 Ne6 40. Kb2 a5 41. bxa5 Nxc5 42. Kc2 Kb5 43. Kc3 Kxa5 44. Kd4
Nd7 45. Kd5 Kb6 46. Ke6 g6 47. Kf7 Ne5+ 48. Ke6 Ng4 49. Kf7 Nxh2 50. Kg7 g5 51.
Kxh7 g4 52. Kg6 Ka5 53. Kg5 Ka4 54. Kh4 Kxa3 55. Kg5 Kb4 56. Kf4 Kc3 57. Ke3
Kc4 58. Kf2 Nf3 59. Kg2 Kd4 60. Kf2 Kd3 61. Kg2 Ke3 62. Kh1 Ke2 63. Kg2 Ke1 64.
Kh1 Ke2 65. Kg2 Ne5 66. Kh1 Ke3 67. Kg2 Ke4 68. Kh1 Kf3 69. Kh2 Kf2 70. Kh1
Kxg3 71. Kg1 Kh3 72. Kf1 g3 73. Ke2 g2 {Time forfeit} 0-1

[Event "Rated Blitz tournament mSO7xA17"]
[Site "?"]
[Date "2021.01.21"]
[Round "?"]
[White "Starinov"]
[Black "Augustine7"]
[Result "1-0"]
[WhiteElo "2403"]
[BlackElo "2306"]
[PlyCount "137"]
[EventDate "2021.??.??"]
[EventType "blitz"]
[TimeControl "180"]

1. e4 e5 2. Nf3 Nc6 3. Nc3 Nf6 4. Nxe5 Nxe5 5. d4 Nc6 6. d5 Nb8 7. e5 Ng8 8. d6
c6 9. Bc4 b5 10. Bb3 a5 11. Qf3 f6 12. Nxb5 Na6 13. O-O Qb6 14. a4 Bb7 15. Be3
cxb5 16. Bxb6 Bxf3 17. gxf3 fxe5 18. axb5 Nb8 19. Bd5 Bxd6 20. Bxa8 Nf6 21.
Rxa5 O-O 22. Rd1 Be7 23. Bc7 d6 24. b6 Nbd7 25. Bc6 Rc8 26. Rda1 Nxb6 27. Bxb6
Rxc6 28. Be3 Rxc2 29. Ra7 Nd5 30. b4 Bh4 31. Rb7 h6 32. Ra8+ Kh7 33. Raa7 Bf6
34. b5 Nxe3 35. fxe3 d5 36. Rf7 Kg6 37. Rfd7 d4 38. exd4 exd4 39. b6 Rb2 40.
Rd6 d3 41. b7 d2 42. Rxd2 Rxd2 43. b8=Q Bd4+ 44. Kf1 Bxa7 45. Qxa7 Rd6 46. Kf2
Rf6 47. Kg3 Rf7 48. Qb6+ Rf6 49. Qd4 Rf7 50. f4 Rf6 51. h4 h5 52. Qe5 Kh7 53.
Qxh5+ Rh6 54. Qf5+ Kg8 55. h5 Rf6 56. Qg5 Rf7 57. Kg4 Rf6 58. f5 Rf7 59. Qg6
Rf6 60. Kg5 Rxg6+ 61. Kxg6 Kh8 62. h6 gxh6 63. Kf7 h5 64. f6 h4 65. Ke7 h3 66.
f7 h2 67. f8=Q+ Kh7 68. Kf6 h1=Q 69. Qg7# {Normal} 1-0